00874nam a2200277Ia 4500001000900000003000500009005001700014008004100031010001100072040000900083082002200092100001700114245008700131260009000218300001000308410004200318503000700360650003500367650001800402650001600420650002600436650003300462650003500495700003500530700003100565dia_1840CHAP20230314121731.0220117s[19- xx 000 0 und d a172377 cCHAP a658.8 S36 [19--?] aScott, J. T. aEl modelo de transporte /c J. T. Scott, Randall Hoffmann y L. Bassoco de Gómez aMéxico :b Escuela Nacional de Agricultura, Centro de Economía Agrícola,c[19- a36 h. aCOLECCIÓN INGENIERÍA DE SUELOS, 7 aD. aGestión de la producción  aLogística  aLogistics  aProduction management aTransportationxManagement  aTransportexAdministración  aBassoco de Gómez, L., coaut. aHoffmann, Randall, coaut.